000 00790 a2200205 4500
020 _aS/N
040 _aULA-LD-MS
082 _b043.2 658/MOR/A
_m3
100 _91076
_aMORGADO, Vanusa Cristina Amaral Gomes
245 _aAspectos Negativos do Conflito Organizacional e a Sua Influência no Cumprimento das tarefas na Organização: Caso Sexta Região Tributr̀ia ( Cunene e Cuando Cubango))
246 _aDissertação para Obtenção do Tt̕ulo Académico de Mestre em Gestão de Recursos Humanos
250 _aS/N
260 _aLuanda
_bS/Edit
_c2018
300 _a72p.
600 0 _aMORGADO, Vanusa Cristina Amaral Gomes
650 _aGestoão de Recursos Humanos
700 _aVanusa Cristina Amaral Comes Morgado
942 _cTFC
999 _c2256
_d2256